Statistics for All Mainline Mario Games

Click here to take the quiz!

General Stats

  • This quiz has been taken 3 times
    (2 since last reset)
  • The average score is 12 of 19

Answer Stats

OG ConsoleGame% Correct
DSNew Super Mario Bros.
100%
N64Super Mario 64
100%
NESSuper Mario Bros.
100%
NESSuper Mario. Bros 2
100%
NESSuper Mario Bros. 3
100%
WiiSuper Mario Galaxy
100%
WiiSuper Mario Galaxy 2
100%
Nintendo SwitchSuper Mario Odyssey
100%
GameCubeSuper Mario Sunshine
100%
SNESSuper Mario World
100%
3DSSuper Mario 3D Land
50%
Wii U/Nintendo SwitchSuper Mario 3D World
50%
NESSuper Mario Bros.: The Lost Levels
50%
Game BoySuper Mario Land
50%
3DSNew Super Mario Bros. 2
0%
Wii UNew Super Mario Bros. U
0%
WiiNew Super Mario Bros. Wii
0%
Nintendo SwitchSuper Mario Bros. Wonder
0%
Game BoySuper Mario Land 2: 6 Golden Coins
0%

Score Distribution

Percentile by Number Answered

Percent of People with Each Score

Your Score History

You have not taken this quiz since the last reset